|
|
|
|
| LEADER |
00000nam0a2200000 4500 |
| 001 |
357907 |
| 005 |
20231102011035.0 |
| 035 |
|
|
|a (RuTPU)RU\TPU\retro\15175
|
| 090 |
|
|
|a 357907
|
| 100 |
|
|
|a 20200811d1973 m y0rusy50 ca
|
| 101 |
1 |
|
|a rus
|c eng
|
| 102 |
|
|
|a RU
|
| 105 |
|
|
|a y z 001zy
|
| 200 |
1 |
|
|a Конструктивные множества и их приложения
|e пер. с англ.
|e [монография]
|f А. Мостовский
|
| 210 |
|
|
|a Москва
|c Мир
|d 1973
|
| 215 |
|
|
|a 256 с.
|
| 320 |
|
|
|a Библиогр.: с. 243-244
|
| 320 |
|
|
|a Список основных обозначений: с. 245-250
|
| 320 |
|
|
|a Именной указатель: с. 251
|
| 320 |
|
|
|a Предметный указатель: с. 252-253
|
| 606 |
1 |
|
|a Множеств теория
|x (основания математики)
|2 stltpush
|3 (RuTPU)RU\TPU\subj\44178
|9 63549
|
| 610 |
1 |
|
|a аксиомы
|
| 610 |
1 |
|
|a вспомогательные понятия
|
| 610 |
1 |
|
|a модели
|
| 610 |
1 |
|
|a построение
|
| 610 |
1 |
|
|a конструктивные множества
|
| 610 |
1 |
|
|a функторы
|
| 610 |
1 |
|
|a определимость
|
| 610 |
1 |
|
|a континуум-гипотеза
|
| 610 |
1 |
|
|a генерические точки
|
| 610 |
1 |
|
|a вынуждение
|
| 610 |
1 |
|
|a полиномы
|
| 610 |
1 |
|
|a монографии
|
| 675 |
|
|
|a 510.22
|v 4
|
| 700 |
|
1 |
|a Мостовский
|b А.
|g Анджей
|
| 801 |
|
1 |
|a RU
|b 63413507
|c 20200811
|
| 801 |
|
2 |
|a RU
|b 63413507
|c 20210401
|g RCR
|
| 942 |
|
|
|c BK
|